Statistics for Top Results for "Country Flag"

Click here to take the quiz!

General Stats

  • This quiz has been taken 12 times
  • The average score is 6 of 20

Answer Stats

Answer% Correct
United Kingdom
91%
China
82%
Canada
73%
India
73%
Nepal
36%
Argentina
27%
Austria
27%
Denmark
27%
Georgia
27%
Turkey
27%
Afghanistan
18%
Antigua and Barbuda
18%
Chad
18%
Ecuador
18%
Libya
18%
Algeria
9%
Azerbaijan
9%
East Timor
9%
Liberia
9%
Uzbekistan
9%

Score Distribution

Percentile by Number Answered

Percent of People with Each Score

Your Score History

You have not taken this quiz